China-India relations in the contemporary world dynamics of national interest and identity
Positioned in a social constructivist framework that emphasizes mutual perceptions and socialization, the book draws analytical leverage from two core concepts - national identity and national interest - to form the basis of the research inquiry. The author argues that the dynamics of national ident...
Saved in:
| Main Author: | |
|---|---|
| Format: | Book |
| Language: | English |
| Published: |
London
Routledge, Taylor & Francis Group
2017
|
| Series: | Routledge advances in South Asian studies
30 |
| Subjects: | |
| Tags: |
Add Tag
No Tags, Be the first to tag this record!
|
| Call Number : | DS 740.5.I5 L827 2017 |
MARC
| LEADER | 00000nam a2200000 c 4500 | ||
|---|---|---|---|
| 001 | 103084 | ||
| 003 | MY-KLNDU | ||
| 005 | 20241220041053.0 | ||
| 008 | 221104 2017 xxka bi 000 0 eng d | ||
| 020 | |a 9781138120204 | ||
| 020 | |a 9781315651835 (electronic book) | ||
| 039 | 9 | |a 202211041202 |b VLOAD |c 201810151452 |d azraai |c 201806121336 |d azraai |c 201806121311 |d azraai |y 201711061028 |z helmey | |
| 040 | |a UPNM |b eng |c UPNM |e rda | ||
| 090 | |a DS 740.5.I5 |b L827 2017 | ||
| 100 | 1 | |a Lu, Yang |c (Postdoctoral fellow) |e author | |
| 245 | 1 | 0 | |a China-India relations in the contemporary world |b dynamics of national interest and identity |c Lu Yang |
| 264 | 1 | |a London |b Routledge, Taylor & Francis Group |c 2017 | |
| 300 | |a xii, 139 pages |b illustrations |c 25 cm | ||
| 336 | |a text |2 rdacontent | ||
| 337 | |a unmediated |2 rdamedia | ||
| 338 | |a volume |2 rdacarrier | ||
| 490 | 1 | |a Routledge advances in South Asian studies |v 30 | |
| 504 | |a Includes bibliographical references and index | ||
| 505 | 0 | |a Constructivist conceptualization of national interest and identity -- Historical context -- China-India relations in the 21st century -- National interest and identity of china -- National interest and identity of India -- China's India policy -- India's China policy | |
| 520 | |a Positioned in a social constructivist framework that emphasizes mutual perceptions and socialization, the book draws analytical leverage from two core concepts - national identity and national interest - to form the basis of the research inquiry. The author argues that the dynamics of national identity and national interest play an important role in determining their relations and shows how and why in the current international structure, including a context of accelerated globalization, their national identities as rising power and emerging power coupled with national interest of economic development have defined and directed their international positions and foreign policy-making. | ||
| 592 | |a 34528 |b 21/12/17 |c RM598.05 |h Bookline | ||
| 592 | |a IV-99885 |b 27/9/18 |c RM573.60 |h Yuha | ||
| 651 | 0 | |a India |x Foreign relations |z China | |
| 651 | 0 | |a China |x foreign relations |y 21st century | |
| 651 | 0 | |a India |x Foreign relations |y 21st century | |
| 651 | 0 | |a China |x Foreign relations |z India | |
| 830 | 0 | |a Routledge advances in South Asian studies |v 30 | |
| 999 | |a vtls000059771 |c 103084 |d 103084 | ||


